| 000 | 00464nam a2200193Ia 4500 | ||
|---|---|---|---|
| 005 | 20240823023651.0 | ||
| 008 | 240823s9999||||xx |||||||||||||| ||und|| | ||
| 020 | _a978-81-8472-019-8 | ||
| 041 | _aENGLISH | ||
| 082 | _A519.2 P9 | ||
| 100 | _a"Namachivayam,T et al." | ||
| 245 | 0 | _aProbability and Queueing Theory | |
| 250 | _aIst | ||
| 260 |
_c2009 _bAnuradha Ag |
||
| 500 | _aYES | ||
| 650 |
_aProbability _bMathematics |
||
| 942 | _cBK | ||
| 999 |
_c182094 _d182094 |
||